00984nam a2200289 i 450000100060000000300090000600500170001500800410003201500170007304000280009004600090011808000100012708000100013708000070014710000410015424501100019525000150030526000700032030000780039050400120046865800150048065800240049565000120051965000130053170000520054485600980059619511KOSZ 00520191023100532.0020718s1978 pl a |001 0 pol  aPB 1978/7071 aWA NcWA NdKOSZ 005/HR k1978 a519.2 a53.08 a621 aStrzałkowski, Adamd(1923- )eAutor10aMatematyczne metody opracowywania wyników pomiarów /cAdam Strzałkowski, Aleksander Śliżyński. aWyd. 3 zm. aWarszawa :bPaństwowe Wydaw. Naukowe,c1978 dr. ukończ. 1977. a339, [1] s. :bil. tab. wykr. err. +eStreszczenie (43, [1] s.) ;c25 cm. aIndeks. aMatematyka aFizyka i astronomia 4aPomiary 4aBłędy1 aŚliżyński, Aleksanderd(1933-1970)eAutor uhttp://koha.tu.koszalin.pl/cgi-bin/koha/opac-detail.pl?biblionumber=19511yKatalog online BPK